| 000 -LEADER |
| fixed length control field |
01081nam a2200325 i 4500 |
| 001 - CONTROL NUMBER |
| control field |
214264 |
| 003 - CONTROL NUMBER IDENTIFIER |
| control field |
OSt |
| 005 - DATE AND TIME OF LATEST TRANSACTION |
| control field |
20180921 |
| 008 - FIXED-LENGTH DATA ELEMENTS--GENERAL INFORMATION |
| fixed length control field |
0000002013 AD 0000000000spa00 |
| 040 ## - CATALOGING SOURCE |
| Original cataloging agency |
DLC |
| Transcribing agency |
DLC |
| 245 ## - TÍTULO PROPIAMENTE DICHO: SUBTÍTULO |
| Title |
Programa de Alfabetización para adolescentes y adultos del Municipio Hato Mayor del Rey 2013 |
| Mención de responsabilidad |
Darlin Augusto Mercedes Quezada ... [et al.] ; asesores Betty del Villar Pichardo, María Díaz Solís |
| 260 ## - PUBLICATION, DISTRIBUTION, ETC. |
| Place of publication, distribution, etc. |
San Pedro de Macorís : |
| Name of publisher, distributor, etc. |
Universidad Central del Este |
| 300 ## - PHYSICAL DESCRIPTION |
| Extensión |
1 v. (en varias paginaciones) |
| 502 ## - THESIS NOTE |
| Dissertation note |
Tesis (Licenciado en Educación, Mención Ciencias Físicas y Matemáticas) -- Universidad Central del Este, 2013 |
| 504 ## - BIBLIOGRAPHY, ETC. NOTE |
| Bibliography, etc. note |
Incluye bibliografía e índice |
| 505 ## - NOTA DE CONTENIDO |
| Formatted contents note |
Monográfico : Programa de alfabetización de jóvenes y adultos mediante el plan de alfabetización Quisqueya Aprende Contigo y la Universidad Central del Este |
| 650 ## - ASIENTO SECUNDARIO DE MATERIA -- TERMINO TOPICO |
| Asiento secundario de materia |
Alfabetismo |
| -- |
Alfabetización (Educación |
| -- |
Alfabetización de adultos |
| -- |
Lectura para recién alfabetizados |
| -- |
TC6574 |
| -- |
Tesis y disertaciones académicas |
| 700 ## - ASIENTO SECUNDARIO -- NOMBRE PERSONAL |
| Personal name |
Díaz Solís, María, ases |
| -- |
Reyes Mejía, Juan Andrés |
| -- |
Reyes Silvestre, Francis Lilibeth Argentina |
| -- |
Vásquez Dirocié, Adalfilia |
| -- |
Villar Pichardo, Betty del, ases |
| 942 ## - ADDED ENTRY ELEMENTS (KOHA) |
| Source of classification or shelving scheme |
|
| Koha item type |
Tesis |